History Quiz

Random History or Politics Quiz

First Amendment Freedoms Quiz Stats

 Plays Quiz Updated May 13, 2015

Also try: Click Your Rights!
Challenge
Share
Tweet
Embed
Score 0/5 Timer 01:00
2 Plays Today
Freedom of... % Correct
Speech
97.3%
Religion
87.3%
Press
73.8%
Assembly
66.9%
Petition
31%

You're not logged in!

Compare scores with friends on all Sporcle quizzes.
Join for Free
OR
Log In

You Might Also Like...

Show Comments

Extras

Top Quizzes Today


Score Distribution

Your Account Isn't Verified!

In order to create a playlist on Sporcle, you need to verify the email address you used during registration. Go to your Sporcle Settings to finish the process.

Report this User

Report this user for behavior that violates our Community Guidelines.

Details: